Russian Alphabet in Order Quiz Stats

Quiz Updated May 2, 2013

Challenge
Share
Tweet
Embed
Score 0/33 Timer 02:00
0 Plays Today
% Correct
???
100%
???
62.3%
???
52.3%
???
44.7%
???
42%
???
38.9%
???
36.9%
???
31.2%
???
27.7%
???
25.7%
???
25.2%
???
23.8%
???
22.7%
???
22.3%
???
21.6%
???
21.2%
???
19.8%
% Correct
???
19.1%
???
18.6%
???
18.3%
???
17.1%
???
15.2%
???
13.6%
???
11.5%
???
10.5%
???
9.9%
???
9.8%
???
7.7%
???
7%
???
6.9%
???
6.4%
???
6.3%
???
6.2%

You're not logged in!

Compare scores with friends on all Sporcle quizzes.
Sign Up with Email
OR
Log In

You Might Also Like...

Show Comments

Extras

Top Quizzes Today


Score Distribution

Your Account Isn't Verified!

In order to create a playlist on Sporcle, you need to verify the email address you used during registration. Go to your Sporcle Settings to finish the process.